000 00829nam a2200265 i 4500
001 000049196
003 DO-SdBNP
005 20240530073924.0
007 ta
008 091118s1982 dr c 001 f spa d
040 _aDO-SdBNP
_bspa
_cBNPHU
_erda
082 4 _aRD863.44
_bP328n
_222
100 1 _aPaulino, Aliro,
_d1931-
_929753
_eautor
_qPaulino Aliro, hijo
245 1 3 _aLa noche que Trujillo volvio /
_cAliro Paulino, hijo
264 _aSanto Domingo :
_bMundo Diplomatico Universal,
_c1982.
300 _a103 páginas :
_bretratos ;
_c23 cm.
336 _2rdacontent
_atexto
_btxt
337 _2rdamedia
_asin mediación
_bn
338 _2rdacarrier
_avolumen
_bnc
590 _aInventariado, 2019VM
650 0 _aNovela dominicana
_9223
650 0 _aLiteratura dominicana.
_967
910 _aBtavárez
942 _2ddc
_cLBS1
999 _c48684
_d48684